000
00246nam a2200097Ia 4500
008
230907s9999||||xx |||||||||||||| ||und||
082
_a
388
_b
GRO
245
0
_a
Transportation planning and public participation :
300
_a
pages cm
942
_c
BK
999
_c
599260
_d
599260